ბათუმის შოთა რუსთაველის სახელმწიფო უნივერსიტეტის ბიბლიოთეკა

მშვიდობის გადარჩენის სახელით / (ბიბ.ჩანაწერი № 38133)

000 -ლიდერი
ფიქსირებული სიგრძის საკონტროლო ველი 01066nam a2200229Ia 4500
001 - საკონტროლო ნომერი
საკონტროლო ველი 4123
003 - საკონტროლო ნომრის იდენტიფიკატორი
საკონტროლო ველი GE_BSU
005 - ბოლო ოპერაციის თარიღი და დრო
საკონტროლო ველი 20190930160738.0
008 - ფიქსირებული სიგრძის მონაცემთა ელემენტები - ზოგადი ინფორმაცია
ფიქსირებული სიგრძის საკონტროლო ველი 181216s1999||||ge |||||||||||||| ||geo||
020 ## - წიგნის საერთაშორისო სტანდარტული ნომერი
International Standard Book Number 9992843357
040 ## - კატალოგიზაციის წყარო
Transcribing agency GE_BSU
041 ## - ენის კოდი
Language code of text/sound track or separate title geo
080 ## - უნივერსალური ათობითი კლასიფიკაციის ინდექსი
Universal Decimal Classification number 327.36 მ–97
245 ## - ცნობა სათაურის შესახებ
Title მშვიდობის გადარჩენის სახელით /
Statement of responsibility, etc შემდ. და წინასიტყვაობის ავტორი ფელიქს ბახჩინიანი. მთ. რედ. თეიმურაზ კომახიძე.
264 ## - წარმოების, გამოცემის, დისტრიბუციის და სხვა ცნობები
გამოცემის, წარმოების, დისტრიბუციის... ადგილი ბათუმი :
გამოცემის, წარმოების, დისტრიბუციის... სახელწოდება ალიონი,
გამოცემის, წარმოების, დისტრიბუციის... თარიღი 2001.
300 ## - ფიზიკური აღწერა
Extent 261 გვ. ;
Other physical details 20 სმ.
500 ## - ზოგადი შენიშვნა
General note ეძღვნება ასლან იბრაიმის–ძე აბაშიძეს
600 ## - SUBJECT ADDED ENTRY--PERSONAL NAME
Personal name აბაშიძე, ასლან
9 (RLIN) 4400
653 ## - INDEX TERM--UNCONTROLLED
Uncontrolled term მშვიდობის გადარჩენის სახელით
700 ## - ADDED ENTRY--PERSONAL NAME
Personal name კომახიძე, თ.
Relator term რედაქტორი
9 (RLIN) 300
942 ## - ADDED ENTRY ELEMENTS (KOHA)
Koha item type წიგნი
Source of classification or shelving scheme
ეგზემპლარები
ჩამოწერის სტატუსი დაკარგული ეგზემპლარის სტატუსი კლასიფიკაციის წყარო ან თაროზე გაწყობის სქემა დაზიანების სტატუსი არ გაიცემა მუდმივი მდებარეობა (დაცვის ადგილი) ამჟამინდელი ადგილსამყოფელი თაროზე განთავსების ადგილი შეძენის თარიღი ღირებულება, შესყიდვის ნორმალური ფასი სრული შენახვის შიფრი შტრიხკოდი ბოლო ოპერაციის თარიღი ეგზემპლარის მიმდევრობითი ნომერი (კეტერი?) ფასის ძალაში შესვლის თარიღი ეგზემპლარის სახეობა საჯარო შენიშვნა
          ბათუმის შოთა რუსთაველის სახელმწიფო უნივერსიტეტის მთავარი ბიბლიოთეკა ბათუმის შოთა რუსთაველის სახელმწიფო უნივერსიტეტის მთავარი ბიბლიოთეკა წიგნსაცავი 2018-12-17 3.00 327.36 მ–97 5844 2018-12-17 5844 2018-12-17 წიგნი 3 ლ.